00530nam a2200193 a 4500001001300000003000900013005001700022008004100039020002300080082001700103100002100120245004600141260005000187300000900237500003500246505001000281650002400291700002100315nice12345678IN_TiNIC20260116013103.0050524s1979 cama grp 000 0 eng  a0521125 c99900a230.096bHAS aHastings, Adrian aHistory of African Christianity 1950-1975 aCambridge bCambridge University Press c1979 a336p aincludes index and biblioraphy2 aIndex aChristianity-Africa1 aHastings, Adrian